| 000 | 00680nam a2200193 i 4500 | ||
|---|---|---|---|
| 001 | 142286 | ||
| 003 | ES-MaACL | ||
| 005 | 20250826051218.0 | ||
| 007 | t| | ||
| 008 | 071004s1907 sp ||||1| spa d | ||
| 100 | 1 |
_aVilla y Lindemán, Diego. _9114897 |
|
| 245 | 1 | 0 |
_aAdministración y contabilidad de la hacienda pública _b: teoría y práctica / _cDiego Villa y Lindemán y Joaquín Arnal y Fernández. |
| 260 |
_aMadrid : _b[s.n.], _c1907 ( _fImpr. de la Revista de Legislación) |
||
| 300 |
_a3 v. ; _c22 cm. |
||
| 650 | 7 |
_aHacienda pública _2embne _913279 |
|
| 700 | 1 |
_aArnal y Fernández, Joaquín. _923035 |
|
| 852 |
_aES-MaACL _jG-6346-48 |
||
| 999 |
_c142286 _d142286 |
||